00322cam a22001097a 4500008003600000082001600036245008000052260002800132300001000160650001800170700002400188180718b xxu||||| |||| 00| 0 eng d aT39x54 K344 aEquality, employment & economic order in South Asiacby Vishwa Yuvak Kendra aNew DelhibThe authorc a254p. aPoverty-Asia. aVishwa Yuvak Kendra